000
00275nam a2200133Ia 4500
100
_a
Wilson/Frank/W.
942
_c
BK
654
_a
Hand Book
245
_a
Tool Engineers Hand Book
260
_b
McGraw Hill
_c
2001
082
_a
621.9
300
_a
2288
546
_a
ENGLISH
999
_c
20210
_d
20210